Insecticides of plant origin /

Na minha lista:
Detalhes bibliográficos
Autor Corporativo: American Chemical Society. Division of Agrochemicals
Outros Autores: Arnason, J. T., 1948-, Philogène, B. J. R., 1940-, Morand, Peter, 1935-
Formato: Livro
Idioma:inglês
Publicado em: Washington, DC American Chemical Society 1989.
Colecção:ACS symposium series ; 387
Assuntos:
Acesso em linha:View in OPAC
Tags: Adicionar Tag
Sem tags, seja o primeiro a adicionar uma tag!

MARC

LEADER 00000cam a2200000 a 4500
005 20260127133924.0
008 050517s1989 dcua b 101 0 eng
010 |a 89-000085 
020 |a 0841215693 
035 |a vtls008154407 
035 |a 1034586 
039 9 |y 200505171130  |z mschk03 
040 |a STUSCHK1  |b slo  |c STUSCHK1 
082 0 0 |a 632/.951  |2 19 
245 0 0 |a Insecticides of plant origin /  |c J.T. Arnason, editor, B.J.R. Philogène, editor, Peter Morand, editor. 
260 |a Washington, DC  |b American Chemical Society  |c 1989. 
300 |a x, 213 p.  |b ill.  |c 24 cm. 
440 0 |a ACS symposium series ;  |v 387 
500 |a "Developed from a symposium sponsored by the Division of Agrochemicals of the American Chemical Society at the Third Chemical Congress of North America (195th National Meeting of the American Chemical Society, Toronto, Ontario, Canada, June 5-11, 1988)" 
504 |a Includes bibliographies and indexes. 
650 0 |a Botanical insecticides  |x Congresses. 
700 1 |a Arnason, J. T.,  |d 1948- 
700 1 |a Philogène, B. J. R.,  |d 1940- 
700 1 |a Morand, Peter,  |d 1935- 
710 2 |a American Chemical Society.  |b Division of Agrochemicals 
906 |a 7  |b cbc  |c orignew  |d 1  |e ocip  |f 19  |g y-gencatlg 
910 |a SCHK95 
919 |a 0-8412-1569-3 
991 |b c-GenColl  |h SB951.54  |i .I57 1989  |p 0000478442A  |t Copy 1  |w BOOKS 
999 |c 107  |d 107